Regulamentos de Seguranção Contra Incendio (Record no. 2360)

MARC details
000 -Etiqueta do registo
Campo de controlo de comprimento fixo 00352 a2200145 4500
020 ## - ISBN (NÚMERO DE LIVRO PADRÃO INTERNACIONAL)
ISBN 972-0-01128-9
040 ## - Fonte de Catalogação
Agência de catalogação Biblioteca de Posgraduação- Universidade Lusíada de Angola
082 ## - DEWEY DECIMAL CLASSIFICATION NUMBER
Número de classificação 72
Classificador- CDU 72
100 ## - Nome Pessoal
9 (RLIN) 1187
Autor PORTO EDITORA
245 ## - Declaração de Título
Título Regulamentos de Seguranȯ̂ Contra Incendio
260 ## - Publicação e Destribuíção
Local de edição/distribuição Lisboa ,
Editor/distribuidor Porto Editora
Data de edição/distribuição 1990.
300 ## - Descrição Física
Nº Pág. 456p
650 ## - MATERIA
MATERIA Arquitectura
942 ## - - Elementos de entrada adicionados (koha)
Tipo de documento Livros
Holdings
Withdrawn status Lost status Source of classification or shelving scheme Damaged status Not for loan Permanent Location Current Location Date acquired Inventory number Total Checkouts Full call number Barcode Date last seen Price effective from Koha item type
    Dewey Decimal Classification     Biblioteca Geral- Universidade Lusíada de Angola Biblioteca Geral- Universidade Lusíada de Angola 29/06/2026 14(1)   72 2026-0216 29/06/2026 29/06/2026 Livros